000 00573cam5a220019300 4500
001 qce00878575
005 20190823102016.0
020 _a13373707598
008 740322s1954 enka 000 0 eng
035 _a(Sirsi) r55870
050 0 _aQL 431 MOZ 1954
100 1 _aMozley, Alan, 1904-
_dMozley, Alan, 1904-
_6A10906.1
245 1 3 _a Fresh Water Ecology/
_cby Alan Mozley
260 _aLondon :
_bH.K. Lewis,
_c1954.
504 _aIncludes bibliographies.
650 0 _aMollusks.
_6S10506.1
650 0 _aAnimal ecology.
_6S1980.1
740 0 _aMolluscan ecology.
999 _c147859
_d147859